Emerging technologies in computer science (ETCS-09) / (Record no. 39408)

MARC details
000 -LEADER
fixed length control field 00753nam a22002177a 4500
005 - DATE AND TIME OF LATEST TRANSACTION
control field 20100805120555.0
010 ## - LCCN (DPL NO)
LC control number ENG-98257
020 ## - INTERNATIONAL STANDARD BOOK NUMBER
International Standard Book Number 9788184244908
Terms of availability 850.00
035 ## - SYSTEM CONTROL NUMBER
System control number EN-81790
037 ## - SOURCE OF ACQUISITION
Source of stock number/acquisition DBAD/PUB
082 ## - DEWEY DECIMAL CLASSIFICATION NUMBER
Classification number 004
245 ## - TITLE STATEMENT
Title Emerging technologies in computer science (ETCS-09) /
Statement of responsibility, etc edited by Sunil V.K.Gaddam
260 ## - PUBLICATION, DISTRIBUTION, ETC. (IMPRINT)
Place of publication, distribution, etc New Delhi
Name of publisher, distributor, etc Allied Publishers
Date of publication, distribution, etc 2009
270 ## - ADDRESS
Address A-104 Mayapuri phase II,
City New Delhi
Postal code 110064
300 ## - PHYSICAL DESCRIPTION
Extent xx 370p.
Dimensions 24cm (pbk)
500 ## - GENERAL NOTE
General note Includes index
650 ## - SUBJECT ADDED ENTRY--TOPICAL TERM
Topical term or geographic name as entry element Computer Science
700 ## - ADDED ENTRY--PERSONAL NAME
Personal name Gaddam,Sunil V.K.
9 (RLIN) 7515
942 ## - ADDED ENTRY ELEMENTS (KOHA)
Source of classification or shelving scheme Dewey Decimal Classification
Item type English Books
Classification part 004
Call number suffix EME
Holdings
Withdrawn status Lost status Not for loan Collection code Home library Current library Date acquired Source of acquisition Cost, normal purchase price Full call number Barcode Copy number Cost, replacement price Koha item type
    Not For Loan Non-fiction D.B.Act.Division D.B.Act.Division 05/08/2010 DBAD / PUB 850.00 004 EME EN-81790 1 850.00 English Books

© Delhi Public Library
Hit Counter
free hit counter